Carpobrotus edulis methanol extract inhibits the MDR efflux pumps, enhances killing of phagocytosed S. aureus and promotes immune modulation

Elmentve itt :
Bibliográfiai részletek
Szerzők: Ordway Diane
Hohmann Judit
Viveiros Miguel
Viveiros Antonio
Molnár József
Leandro Clara
Arroz Maria Jorge
Gracio Maria Amelia
Amaral Leonard
Dokumentumtípus: Cikk
Megjelent: 2003
Sorozat:PHYTOTHERAPY RESEARCH 17 No. 5
doi:10.1002/ptr.1314

mtmt:1835770
Online Access:http://publicatio.bibl.u-szeged.hu/14302
LEADER 01041nab a2200289 i 4500
001 publ14302
005 20190111110635.0
008 190111s2003 hu o 0|| zxx d
022 |a 0951-418X 
024 7 |a 10.1002/ptr.1314  |2 doi 
024 7 |a 1835770  |2 mtmt 
040 |a SZTE Publicatio Repozitórium  |b hun 
041 |a zxx 
100 1 |a Ordway Diane 
245 1 0 |a Carpobrotus edulis methanol extract inhibits the MDR efflux pumps, enhances killing of phagocytosed S. aureus and promotes immune modulation  |h [elektronikus dokumentum] /  |c  Ordway Diane 
260 |c 2003 
300 |a 512-519 
490 0 |a PHYTOTHERAPY RESEARCH  |v 17 No. 5 
700 0 1 |a Hohmann Judit  |e aut 
700 0 1 |a Viveiros Miguel  |e aut 
700 0 1 |a Viveiros Antonio  |e aut 
700 0 1 |a Molnár József  |e aut 
700 0 1 |a Leandro Clara  |e aut 
700 0 1 |a Arroz Maria Jorge  |e aut 
700 0 1 |a Gracio Maria Amelia  |e aut 
700 0 1 |a Amaral Leonard  |e aut 
856 4 0 |u http://publicatio.bibl.u-szeged.hu/14302/1/Ordway_et_al-2003-Phytotherapy_Research.pdf  |z Dokumentum-elérés